000 00750nam a2200241Ia 4500
003 OSt
005 20220925195516.0
006 a|||||r|||| 00| 0
007 ta
008 220923b |||||||| |||| 00| 0 eng d
037 _cGeneral Book
040 _aRTL
_cRTL
_beng
041 _2eng
_aeng
082 _aX518.42.N9, N3
100 _aCzinkota Michael R. Ed.
_9254781
245 0 _aJapanese distribution system
_b Opportunities and obstacles
260 _aChicago
_bProbus Publishing Co.
_c1993
300 _axxii, 318p.
_ccm.
650 _aRetail Economics
700 _a Kotabe Masaaki Ed.
_9254782
942 _hX518.42.N9, N3
_cGB
_2CC
999 _c533226
_d533226